000 02182nas a2200373 i 4500
003 DR-UNIBE
005 20260427142122.0
007 ta
008 260427e2024 dr an|p|r||||||0| | spa d
022 _a2960-7876
040 _aBiblioteca UNIBE
_bspa
_cBiblioteca UNIBE
_dDO-SdBNP
_erda
041 _aspa
245 0 0 _aDominicanos en el exterior :
_binforme del registro sociodemográfico de los dominicanos residentes en el exterior.
264 _aSanto Domingo, República Dominicana :
_bInstituto de Dominicanos y Dominicanas en el Exterior (INDEX).
_bMinisterio de Relaciones Exteriores (MIREX). Viceministerio para las Comunidades en el Exterior,
_c2024.
300 _avolumen :
_bilustraciones, gráficos, mapas ;
_c28 x 21 cm.
310 _aAnual.
336 _atexto
_btxt
_2rdacontent
337 _asin mediación
_bn
_2rdamedia
338 _avolumen
_bnc
_2rdacarrier
362 _a(Julio 2024).
500 _aCatalogación basada en: (Julio 2024).
500 _aInforme del registro sociodemográfico de los dominicanos residentes en el exterior 2024.
520 _aEl Registro Sociodemográfico de los dominicanos en el exterior es una innovadora herramienta que recoge datos importantes sobre la diáspora dominicana global. Esta iniciativa, liderada por la Dirección de Investigación y Estudio del Viceministerio para las Comunidades Dominicanas en el Exterior, tiene implicaciones tanto en el ámbito académico como en la formulación de políticas por parte del Ministerio de Relaciones Exteriores y otras entidades nacionales.
650 7 _aDiáspora
_zRepública Dominicana
_9185594
650 7 _aCiencias sociales
_9185595
650 7 _aInvestigación demográfica
_990884
651 7 _aRepública Dominicana
_xEmigración e inmigración
_vInformes
_9185596
651 7 _aCaribe (Región)
_xEmigración e inmigración
_989411
651 7 _aAmérica Latina
_xEmigración e inmigración
_vEstadísticas
_989412
655 7 _aPublicaciones periódicas
_9185572
710 2 _aInstituto de Dominicanos y Dominicanas en el Exterior (INDEX)
_eautor
_9185573
710 2 _aMinisterio de Relaciones Exteriores (MIREX)
_eautor
_9185574
942 _2ddc
_cISSUE
999 _c60622
_d60622